|
|
|
|
| LEADER |
00000nam0a2200000 4500 |
| 001 |
379505 |
| 005 |
20240202093531.0 |
| 035 |
|
|
|a (RuTPU)RU\TPU\retro\36972
|
| 090 |
|
|
|a 379505
|
| 100 |
|
|
|a 20231011d2023 k||y0rusy50 ca
|
| 101 |
0 |
|
|a rus
|
| 102 |
|
|
|a RU
|
| 105 |
|
|
|a a dm 001yy
|
| 181 |
|
0 |
|a i
|b e
|
| 182 |
|
0 |
|a n
|
| 183 |
|
0 |
|a nc
|2 RDAcarrier
|
| 200 |
1 |
|
|a Формирование антибактериальных наноструктурных композитов при окислении водой наночастиц Al/AlN/Zn и Al/AlN/Cu
|e автореферат диссертации на соискание ученой степени кандидата технических наук
|e спец. 1.4.4
|f Тимофеев Сергей Сергеевич
|g Институт физики прочности и материаловедения СО РАН ; Томский политехнический университет ; науч. рук. М. И. Лернер
|
| 203 |
|
|
|a Текст
|b визуальный
|c непосредственный
|
| 210 |
|
|
|a Томск
|d 2023
|
| 215 |
|
|
|a 22 с.
|c ил.
|
| 283 |
|
|
|a volume
|2 RDAcarrier
|
| 300 |
|
|
|a Защита сост. 24.10.2023
|
| 320 |
|
|
|a Библиогр.: с. 21-22 (7 назв.)
|
| 333 |
|
|
|a На правах рукописи
|
| 452 |
|
1 |
|0 379273
|9 379273
|a Тимофеев, С. С.
|c Томск
|d 2023
|o автореферат диссертации на соискание ученой степени кандидата технических наук
|p 1 файл (1 664 КБ)
|t Формирование антибактериальных наноструктурных композитов при окислении водой наночастиц Al/AlN/Zn и Al/AlN/Cu
|u https://earchive.tpu.ru/handle/11683/76972
|
| 606 |
1 |
|
|a Наноструктурные материалы
|9 64091
|
| 610 |
1 |
|
|a авторефераты диссертаций
|
| 610 |
1 |
|
|a органо-неорганические композиты
|
| 610 |
1 |
|
|a биомедицинское применение
|
| 610 |
1 |
|
|a оксигидроксид алюминия
|
| 610 |
1 |
|
|a окисление
|
| 610 |
1 |
|
|a электровзрывные наночастицы
|
| 610 |
1 |
|
|a антимикробные агенты
|
| 610 |
1 |
|
|a физико-химические свойства
|
| 610 |
1 |
|
|a антибактериальные свойства
|
| 610 |
1 |
|
|a наноструктурные композиты
|
| 610 |
1 |
|
|a Al/Zn
|
| 610 |
1 |
|
|a Al/Cu
|
| 610 |
1 |
|
|a Al/AlN/Zn
|
| 610 |
1 |
|
|a Al/AlN/Cu
|
| 675 |
|
|
|a 620.18(04)
|v 4
|z rus
|
| 686 |
|
|
|2 oksvnk
|a 02.00.04
|
| 700 |
|
1 |
|a Тимофеев
|b С. С.
|g Сергей Сергеевич
|
| 702 |
|
1 |
|a Лернер
|b М. И.
|c специалист в области машиностроения
|c профессор Томского политехнического университета, доктор технических наук
|f 1956-
|g Марат Израильевич
|9 15387
|
| 712 |
0 |
2 |
|a Российская академия наук
|b Сибирское отделение
|b Институт физики прочности и материаловедения
|c (Томск)
|9 23312
|
| 712 |
0 |
2 |
|a Национальный исследовательский Томский политехнический университет
|c (2009- )
|9 26305
|
| 801 |
|
0 |
|a RU
|b 63413507
|c 20231011
|
| 942 |
|
|
|c BK
|